Alternativas a la prision comentarios a las reformas introducidas por las leyes organicas 15/2003, 11/2003 y 7/2007 /

Detalles Bibliográficos
Autor principal: Prat Westerlindh, Carlos
Formato: Desconocido
Lenguaje:español
Publicado: Madrid : Dykinson, 2004
Materias:
Acceso en línea:Acceso restringido

MARC

LEADER 00000ny a22000003n 4500
005 20110627131319.0
006 m u
007 cr cn|||||||||
008 200508r2004 sp |||||s|||||||||||spa d
035 |a 654 
040 |a FlNmELB  |c FlNmELB  |d vLex 
050 1 4 |a K5110  |b P912 2004eb 
080 |a 343.26 
090 |c 1129  |d 1129 
100 1 |a Prat Westerlindh, Carlos 
245 1 0 |a Alternativas a la prision  |h [Recurso electrn̤ico]  |b comentarios a las reformas introducidas por las leyes organicas 15/2003, 11/2003 y 7/2007 /  |c Carlos Prat Westerlindh 
256 |a Servicio en ln̕ea 
260 |a Madrid :  |b Dykinson,  |c 2004 
300 |a 9-127 p 
506 1 |a Contenido solo disponible en los productos indicados  |d vLex Global  |d vLex Global (Academic Edition, excluding Law Schools)  |d vLex Global (U.S. Academic Edition, Law Schools)  |d vLex Global (U.S. Academic Edition, excluding Law Schools)  |d vLex Global (Academic Edition, Law Schools) 
650 0 7 |a Penal  |2 Tesauro vLex 
650 0 7 |a Prisin̤  |2 Tesauro vLex 
650 0 7 |a Alternativas a la prisin̤  |2 Tesauro vLex 
650 0 7 |a Derecho penitenciario  |2 Tesauro vLex 
740 0 |a vLex Libros (Servicios en ln̕ea) 
856 4 0 |u http://vlex.com/source/654  |z Acceso restringido 
942 |c BOOK